Citrus fruit: biology, technology and evaluation

Zapisane w:
Opis bibliograficzny
1. autor: Ladaniya, Milind S (Autor)
Format: Książka
Język:angielski
Wydane: San Diego Elsevier 2008
Wydanie:1a. ed
Seria:Life Science, Agriculture
Hasła przedmiotowe:
Etykiety: Dodaj etykietę
Nie ma etykietki, Dołącz pierwszą etykiete!

MARC

LEADER 00000cam a2200000 a 4500
001 UCG9956
003 CL-VaPUC
008 120420e20080000US |||||||||||||||||eng|d
020 |a 9780123741301 
082 0 4 |a 634.304  |b LAD  |2 21 
100 0 |a Ladaniya, Milind S  |e author  |9 561735 
245 1 0 |a Citrus fruit: biology, technology and evaluation 
250 |a 1a. ed 
300 |a 558 p 
942 |c BK 
945 |d 20120420 00:00:00  |a cmena 
260 |a San Diego  |b Elsevier  |c 2008 
650 0 |a Frutas cítricas  |9 264288 
650 0 |a Fruticultura  |9 259678 
650 0 |a Postcosecha  |9 325633 
650 0 |a Propiedades químicas   |9 345805 
650 0 |a Industria agrícola   |9 264819 
650 0 |a Control de calidad   |9 259714 
650 0 |a Enfermedades de las plantas  |9 259687 
583 |a last modification  |c 20120420 11:58:00  |k Rodrigo Vera 
490 0 |a Life Science, Agriculture 
999 |c 347481  |d 347479 
952 |0 0  |1 0  |4 0  |6 634_304000000000000_LAD_2008  |7 0  |8 A  |9 448857  |a BIBAGR  |b BIBAGR  |d 2019-11-22  |i 4861671  |l 1  |o 634.304 LAD 2008  |p 4861671  |r 2025-01-20  |s 2024-05-13  |w 2019-11-22  |y BK  |k AGR